| 000 | 00821nam a2200241 a 4500 | ||
|---|---|---|---|
| 001 | 84798 | ||
| 003 | BD-RjUL | ||
| 005 | 20250410112419.0 | ||
| 008 | 250410s2003 ii ||||| |||| 00| d ben d | ||
| 020 |
_a817156033 : _cRs.50.00 |
||
| 035 | _a(BD-RjUL)84798 | ||
| 040 |
_aBD-RjUL _bben _cBD-RjUL |
||
| 041 | _aben | ||
| 082 |
_223 _a891.442 _bMIC 2003 |
||
| 100 |
_aমিত্র, শম্ভু _9126171 |
||
| 245 | 1 | 0 |
_aচাঁদ বণিকের পালা / _cশম্ভু মিত্র |
| 250 | _a৮ম সং. | ||
| 260 |
_aকলিকাতা : _bএম. সি. সরকার এ্যাণ্ড সন্স, _c২০০৩ |
||
| 300 |
_a১২৫ পৃ. ; _c২২ সেমি. |
||
| 650 |
_aবাংলা নাটক _9126172 |
||
| 650 |
_aBengali drama _9126173 |
||
| 942 |
_2ddc _cBK |
||
| 999 |
_c84798 _d84798 |
||